=LDR 00000nam 2200000 4500 =001 000344 =005 20250711023741 =035 ##$$a 0010-0725000200 =007 ta =008 250711################a##########0#ind## =020 ##$$a 978-623-307-523-7 =082 ##$$a 398.209 598 =100 #$$a Shalil, Chaturvedi =245 1#$$a Betapa Aku Mencintai Hujan /$c Shalil Chaturvedi =250 ##$$a pertama =260 ##$$a Jakarta :$b Badan Pengembangan dan pembinaan Bahasa,$c 2022 =300 ##$$a 10hlm. : $b ilus. ; $c 21,5cm =650 #4$$a cerita anak terjemahan =650 #4$$a literasi bahan bacaan =700 #$$a Garima Gupta =856 ##$$a TBM AS-SYUHADA =084 ##$$a 398.209 598 SHA b =990 ##$$a TBM202400060 =990 ##$$a TBM202400178 =990 ##$$a TBM202400179